The Negotiable Instruments Act, 1881: (Record no. 189431)
[ view plain ]
| 000 -LEADER | |
|---|---|
| fixed length control field | 00941nam a22001817a 4500 |
| 005 - DATE AND TIME OF LATEST TRANSACTION | |
| control field | 20220701143645.0 |
| 010 ## - LCCN (DPL NO) | |
| LC control number | B-744783 RP Aruna Nagar |
| 020 ## - INTERNATIONAL STANDARD BOOK NUMBER | |
| Terms of availability | 85.00 |
| 035 ## - SYSTEM CONTROL NUMBER | |
| System control number | B-744783 |
| 037 ## - SOURCE OF ACQUISITION | |
| Source of stock number/acquisition | Pansy Books |
| 082 ## - DEWEY DECIMAL CLASSIFICATION NUMBER | |
| Classification number | 346.54096 |
| 245 ## - TITLE STATEMENT | |
| Title | The Negotiable Instruments Act, 1881: |
| Remainder of title | (26 of 1881) as amended by The Negotiable instruments (Amendment) Act, 2018 (20 of 2018) with Model Forms of notice and Complaint for Dishonor of Cheques, Form of Complaint (to be lodged) with the banking Ombudsman / |
| 260 ## - PUBLICATION, DISTRIBUTION, ETC. (IMPRINT) | |
| Place of publication, distribution, etc | Gurgaon |
| Name of publisher, distributor, etc | LexisNexis |
| Date of publication, distribution, etc | 2022 |
| 270 ## - ADDRESS | |
| Address | 14th Floor, Building No.10, Tower-B, DLF Cyber City, Phase-II |
| City | Gurgaon |
| Postal code | 122002 |
| Telephone number | 911244774444 |
| 300 ## - PHYSICAL DESCRIPTION | |
| Extent | xii,47p. |
| Dimensions | 23cm(pbk) |
| 942 ## - ADDED ENTRY ELEMENTS (KOHA) | |
| Source of classification or shelving scheme | Dewey Decimal Classification |
| Item type | English Books |
| Call number suffix | NEG |
| Classification part | 346.54096 |
| Withdrawn status | Lost status | Not for loan | Collection code | Home library | Current library | Date acquired | Source of acquisition | Cost, normal purchase price | Full call number | Barcode | Copy number | Cost, replacement price | Koha item type |
|---|---|---|---|---|---|---|---|---|---|---|---|---|---|
| Non-fiction | RC3 Aruna Nagar | RC3 Aruna Nagar | 01/07/2022 | Pansy Books/108/27.06.22/89/20.06.22/28.06.22 | 85.00 | 346.54096 NEG | B-744783 | 1 | 85.00 | English Books |
